NAJPOPULARNIEJSZE GRY KOMPUTEROWE - Statystyki

Ogólne statystyki
  • Ten quiz został rozwiązany 2 532 razy
  • Średni wynik to 4 z 8
Statystyki odpowiedzi
Odpowiedź % Poprawnych
MINECRAFT
86%
FORTNITE
80%
GTA
70%
ROBLOX
56%
COUNTER STRIKE
51%
FIFA
49%
WIEDŹMIN
30%
AMONGUS
12%
Nie znaleziono quizów pasujących do podanych kryteriów
Rozkład punktacji
Procent ludzi z każdym wynikiem
Percentyl według liczby udzielonych odpowiedzi
Twoja historia wyników
Nie rozwiązałeś tego quizu